<?xml version="1.0" encoding="UTF-8"?>
<record
    xmlns:xsi="http://www.w3.org/2001/XMLSchema-instance"
    xsi:schemaLocation="http://www.loc.gov/MARC21/slim http://www.loc.gov/standards/marcxml/schema/MARC21slim.xsd"
    xmlns="http://www.loc.gov/MARC21/slim">

  <leader>02347cam a2200373 a 4500</leader>
  <controlfield tag="001">15118329</controlfield>
  <controlfield tag="005">20090828095827.0</controlfield>
  <controlfield tag="008">071219s2008    coua     b    001 0 eng  </controlfield>
  <datafield tag="010" ind1=" " ind2=" ">
    <subfield code="a">  2007051549</subfield>
  </datafield>
  <datafield tag="015" ind1=" " ind2=" ">
    <subfield code="a">GBA879095</subfield>
    <subfield code="2">bnb</subfield>
  </datafield>
  <datafield tag="016" ind1="7" ind2=" ">
    <subfield code="a">014648141</subfield>
    <subfield code="2">Uk</subfield>
  </datafield>
  <datafield tag="020" ind1=" " ind2=" ">
    <subfield code="a">9781588265685 (hardcover : alk. paper)</subfield>
  </datafield>
  <datafield tag="020" ind1=" " ind2=" ">
    <subfield code="a">9781588265937 (pbk. : alk. paper)</subfield>
  </datafield>
  <datafield tag="035" ind1=" " ind2=" ">
    <subfield code="a">(OCoLC)ocn185123406</subfield>
  </datafield>
  <datafield tag="035" ind1=" " ind2=" ">
    <subfield code="a">(OCoLC)185123406</subfield>
  </datafield>
  <datafield tag="040" ind1=" " ind2=" ">
    <subfield code="a">DLC</subfield>
    <subfield code="c">DLC</subfield>
    <subfield code="d">YDXCP</subfield>
    <subfield code="d">BTCTA</subfield>
    <subfield code="d">BAKER</subfield>
    <subfield code="d">C#P</subfield>
    <subfield code="d">UKM</subfield>
    <subfield code="d">BWX</subfield>
    <subfield code="d">UPP</subfield>
    <subfield code="d">CDX</subfield>
    <subfield code="d">IXA</subfield>
    <subfield code="d">DLC</subfield>
  </datafield>
  <datafield tag="043" ind1=" " ind2=" ">
    <subfield code="a">a-cc---</subfield>
    <subfield code="a">a-ch---</subfield>
  </datafield>
  <datafield tag="050" ind1="0" ind2="0">
    <subfield code="a">JQ1510</subfield>
    <subfield code="b">.P64 2008</subfield>
  </datafield>
  <datafield tag="082" ind1="0" ind2="0">
    <subfield code="2">22</subfield>
    <subfield code="a">320.951</subfield>
    <subfield code="b">POL</subfield>
  </datafield>
  <datafield tag="245" ind1="0" ind2="0">
    <subfield code="a">Political Change in China :</subfield>
    <subfield code="b">Comparisons with Taiwan /</subfield>
    <subfield code="c">Edited by Bruce Gilley, Larry Diamond.</subfield>
  </datafield>
  <datafield tag="260" ind1=" " ind2=" ">
    <subfield code="a">London :</subfield>
    <subfield code="b">Lynne Rienner Publishers,</subfield>
    <subfield code="c">c2008.</subfield>
  </datafield>
  <datafield tag="300" ind1=" " ind2=" ">
    <subfield code="a">vii, 309 p. :</subfield>
    <subfield code="b">ill. ;</subfield>
    <subfield code="c">24 cm.</subfield>
  </datafield>
  <datafield tag="504" ind1=" " ind2=" ">
    <subfield code="a">Includes bibliographical references and index.</subfield>
  </datafield>
  <datafield tag="505" ind1="0" ind2="0">
    <subfield code="t">Comparing and rethinking political change in China and Taiwan /</subfield>
    <subfield code="r">Bruce Gilley --</subfield>
    <subfield code="t">The evolution of political values /</subfield>
    <subfield code="r">Yun-han Chu --</subfield>
    <subfield code="t">Intellectual pluralism and dissent /</subfield>
    <subfield code="r">Merle Goldman and Ashley Esarey --</subfield>
    <subfield code="t">Religion and the emergence of civil society /</subfield>
    <subfield code="r">Richard Madsen --</subfield>
    <subfield code="t">Business groups : for or against the regime? /</subfield>
    <subfield code="r">Dorothy J. Solinger --</subfield>
    <subfield code="t">Responsive authoritarianism /</subfield>
    <subfield code="r">Robert P. Weller --</subfield>
    <subfield code="t">Developing the rule of law /</subfield>
    <subfield code="r">Randall Peerenboom and Weitseng Chen --</subfield>
    <subfield code="t">Competitive elections /</subfield>
    <subfield code="r">Tun-jen Cheng and Gang Lin --</subfield>
    <subfield code="t">International pressures and domestic pushback /</subfield>
    <subfield code="r">Jacques deLisle --</subfield>
    <subfield code="t">Taiwan's democratic transition : a model for China? /</subfield>
    <subfield code="r">Bruce Gilley --</subfield>
    <subfield code="t">Why China's democratic transition will differ from Taiwan's /</subfield>
    <subfield code="r">Larry Diamond.</subfield>
  </datafield>
  <datafield tag="650" ind1=" " ind2="0">
    <subfield code="a">Comparative government.</subfield>
    <subfield code="9">12719</subfield>
  </datafield>
  <datafield tag="651" ind1=" " ind2="0">
    <subfield code="a">China</subfield>
    <subfield code="x">Politics and government</subfield>
    <subfield code="y">2002-</subfield>
    <subfield code="9">12720</subfield>
  </datafield>
  <datafield tag="651" ind1=" " ind2="0">
    <subfield code="a">Taiwan</subfield>
    <subfield code="x">Politics and government</subfield>
    <subfield code="y">2000-</subfield>
    <subfield code="9">12721</subfield>
  </datafield>
  <datafield tag="700" ind1="1" ind2=" ">
    <subfield code="a">Gilley, Bruce,</subfield>
    <subfield code="d">1966-</subfield>
    <subfield code="9">12722</subfield>
  </datafield>
  <datafield tag="700" ind1="1" ind2=" ">
    <subfield code="a">Diamond, Larry Jay.</subfield>
    <subfield code="9">12723</subfield>
  </datafield>
  <datafield tag="856" ind1="4" ind2="1">
    <subfield code="3">Table of contents only</subfield>
    <subfield code="u">http://www.loc.gov/catdir/toc/ecip087/2007051549.html</subfield>
  </datafield>
  <datafield tag="942" ind1=" " ind2=" ">
    <subfield code="2">ddc</subfield>
    <subfield code="c">BB</subfield>
  </datafield>
  <datafield tag="999" ind1=" " ind2=" ">
    <subfield code="c">13689</subfield>
    <subfield code="d">13689</subfield>
  </datafield>
  <datafield tag="952" ind1=" " ind2=" ">
    <subfield code="0">0</subfield>
    <subfield code="1">0</subfield>
    <subfield code="2">ddc</subfield>
    <subfield code="4">0</subfield>
    <subfield code="7">0</subfield>
    <subfield code="8">Alahram</subfield>
    <subfield code="a">MAIN</subfield>
    <subfield code="b">MAIN</subfield>
    <subfield code="c">1ST</subfield>
    <subfield code="d">2010-03-15</subfield>
    <subfield code="e">purchase</subfield>
    <subfield code="g">189.00</subfield>
    <subfield code="h">935</subfield>
    <subfield code="l">7</subfield>
    <subfield code="m">33</subfield>
    <subfield code="o">320.951 POL</subfield>
    <subfield code="p">000019744</subfield>
    <subfield code="r">2025-07-15 00:00:00</subfield>
    <subfield code="s">2018-11-21</subfield>
    <subfield code="y">BB</subfield>
  </datafield>
</record>
